| 000 | 02182nam a2200289Ia 4500 | ||
|---|---|---|---|
| 005 | 20240531104832.0 | ||
| 008 | 130821s1923 fr fr bfre | ||
| 040 |
_aCo-BoUCM _bspa _cSandra Yazo _dSandra Yazo |
||
| 041 | 1 | _afre | |
| 082 | 0 | 4 |
_a922 _220 |
| 092 | _aE53N059 | ||
| 100 | 1 |
_aVerkade, Willibrord, _d1868-1946 _9181095 |
|
| 242 | 0 | 3 |
_aEl tomento de Dios. _bEtapas de un monje pintor. _cPor D. Wilibrordo Verkade ; Traducido por Marguerite Faure y revisado por el autror ; Retrato y prefacio, de Maurice Denis. _yspa |
| 245 | 1 | 3 |
_aLe tourment de Dieu. _bÉtapes d’un moine peintre. _cPar Dom Willibrord Verkade O.S. B. ; Traduction de Marguerite Faure ; Revue par l’ Auteur ; Préface et portrait par Maurice Denis. |
| 260 |
_aParís (Francia) _bLouis Roaurt et Jacques Watelin ; Impr. F. Paillart [Louis Roaurt y Jacques Watelin ; Impreso por F. Paillart] _c1923 |
||
| 300 |
_axv, 283 páginas _c18 x 13 cm. |
||
| 500 | _aDetalles físicos: Sin encuadernación original, actualmente encuadernación rígida (holandesa) en cartón forrado en papel negro con textura; lomo de tela con letras y líneas decorativas en dorado. Guardas. Hoja de cortesía. Anteportada. Dedicatoria. Hoja de papel especial con retrato del autor. Portada impresa en una tinta. Texto en una sola columna, con diferentes tipos y tamaños de letra. Notas de pie de página. Cortes decorados (jaspeado rojo). Índices. Papel amarillento en bordes. Página 271 perforada | ||
| 505 | 0 | _aPrefacio ; Años de infancia ; En el internado ; La escuela de Comercio ; La Academia de Bellas Artes ; En Hattem ; Primera estancia en París y en la Bretaña ; El regreso a Holanda ; Segunda permanencia en París y en Bretaña ; A Italia: Florencia y Roma ; En el convento franciscano ; La Abadía de Beuron ; Regreso al hogar ; Copenhague ; Beuron, la nueva patria | |
| 506 | _aConsulta en sala | ||
| 546 | _aTexto en francés | ||
| 650 | 0 | 7 |
_aSacerdotes _zHolanda _923877 _vBiografías |
| 650 | 0 | 7 |
_aBenedictinos _99994 _vBiografías |
| 690 |
_aBiografías _97343 |
||
| 700 | 0 |
_aFaure, Marguerite _9181096 |
|
| 700 | 0 |
_aDenis, Maurice _9181097 |
|
| 942 |
_cLIBRO _a4 _e1 _2LOCAL _hE53N059 |
||
| 999 |
_c324275 _d324275 |
||